Statistics for Lord of the Rings Characters

Click here to take the quiz!

General Stats

  • This quiz has been taken 47 times
  • The average score is 32 of 43

Answer Stats

HintAnswer% Correct
Hobbit of Bag-End, fifth Ring-BearerBilbo
100%
Ring-Bearer (Fellowship)Frodo
100%
Wizard who leads the FellowshipGandalf
100%
Dwarf (Fellowship)Gimli
100%
Mirkwood Elf (Fellowship)Legolas
100%
Speaks for the Lord of the Rings at the Black GateMouth of Sauron
100%
Loyal gardener of the Ring-Bearer (Fellowship)Sam
100%
The Lord of the RingsSauron
100%
Heir to the throne of Gondor (Fellowship)Aragorn
98%
Eldest Captain of Gondor (Fellowship)Boromir
95%
Hobbit from Tookland (Fellowship)Pippin
95%
Wizard who dwells in OrthancSaruman
95%
Guided the Ring-Bearer into Mordor, fourth Ring-BearerGollum
93%
Hobbit from Buckland (Fellowship)Merry
93%
Oldest Ent in Middle-EarthTreebeard
88%
Daughter of Lord of RivendellArwen
85%
Lady of LothlorienGaladriel
85%
Led the Elves in the Last Alliance in the Second AgeGil-Galad
85%
Niece of King of RohanEowyn
83%
Demon of Fire awakened in MoriaBalrog
80%
Lord of RivendellElrond
80%
Servant of the Wizard of IsengardGrima
78%
Nephew of King of RohanEomer
75%
Captain of Gondor, Ithilien RangerFaramir
75%
King of Rohan during the War of the RingTheoden
75%
Ringwraith Captain of AngmarWitchking
75%
Lord of LothlorienCeleborn
73%
Slayer of the Lord of the Rings, second Ring-BearerIsildur
70%
Steward of GondorDenethor
68%
Ancient spider within the tunnels of Ephel DuathShelob
68%
Faithful pony to the FellowshipBill
65%
Found the Ring in the Gladden, third ring bearerDeagol
63%
Wife of the Ring-Bearer's gardenerRosie
63%
Son of the King of Rohan, killed at the Fords of IsenTheodred
58%
Elf Captain of LothlorienHaldir
55%
Innkeeper of the Prancing PonyBarliman
48%
King of Gondor killed in Mordor in the Second AgeElendil
43%
Uruk Captain, defeated at Amon HenLurtz
43%
Captain of Rohan, killed in Warg battleHama
40%
Captain of RohanGamling
35%
Orc Captain who leads the assault on Minas TirithGothmog
30%
Orc who tries to kill two hobbits at the Eaves of FangornGrishnakh
20%
Orc Captain of Isengard, rides a WargSharku
13%

Score Distribution

Percentile by Number Answered

Percent of People with Each Score

Your Score History

You have not taken this quiz